000 00811cab a2200241 4500
001 WB2610-27
008 090401t1990 xxu||||| |||| 00| 0 eng d
035 _a(Sirsi) u3508
041 _aeng
245 _aRV substitutes
260 _c1990
350 _a0
490 _aValuer (ISVA)
_vvol 59 no 2, March 1990 p26
520 _aSets out the proposed substitutes for rateable values under housing, rent and landlord and tenant legislation. The substitutes will apply to to tenancies made on or after 1 April 1990 when the community charge comes into effect.
650 _aGROUND RENT
650 _aHOUSING ACT 1988
650 _aHOUSING ACT 1989
650 _aLANDLORD AND TENANT ACT 1954
650 _aRENT ACT 1977
690 _aPROPERTY-LANDLORD AND TENANT
942 _n0
948 _c04/03/1997
999 _c2159
_d2159